Dokończ - Statystyki

Ogólne statystyki
  • Ten quiz został rozwiązany 27 razy
  • Średni wynik to 8 z 10
Statystyki odpowiedzi
Poziom Hint Odpowiedź % Poprawnych
Łatwiutki 1,2,3, 4
100%
Łatwiutki 2,4,6, 8
100%
Łatwiutki A,B,C, D
96%
Łatwy 2,3,5, 7
91%
Łatwy A,E,I, O
87%
Średni 2,4,8, 16
78%
Łatwy B,C,D, F
78%
Średni Z,Y,X, W
78%
Trudny Y,U,O, I
61%
Średni Z,X,W, V
48%
Nie znaleziono quizów pasujących do podanych kryteriów
Rozkład punktacji
Procent ludzi z każdym wynikiem
Percentyl według liczby udzielonych odpowiedzi
Twoja historia wyników
Nie rozwiązałeś tego quizu